Normal view
MARC view
Entry Topical Term
001 - CONTROL NUMBER
- control field: 14507
003 - CONTROL NUMBER IDENTIFIER
- control field: BD-RjUL
005 - DATE AND TIME OF LATEST TRANSACTION
- control field: 20241202115503.0
008 - FIXED-LENGTH DATA ELEMENTS
- fixed length control field: 241202|| aca||aabn | a|a d
040 ## - CATALOGING SOURCE
- Original cataloging agency: BD-RjUL
- Transcribing agency: BD-RjUL
150 ## - HEADING--TOPICAL TERM
- Topical term or geographic name entry element: ভারতবর্ষ
- Form subdivision: ইতিহাস
- Chronological subdivision: স্বাধীনতা আন্দোলন
670 ## - SOURCE DATA FOUND
- Source citation: Work cat.: (BD-RjUL)84402: রক্ষিত-রায়, ভূপেন্দ্রকিশোর 14506, ভারতে সশস্ত্র বিপ্লব /, ১৯৭০